000 00456nam a2200181Ia 4500
008 090123s9999 xx 000 0 und d
082 _b16041
100 _aबगे आशा
245 _aअत्तर
250 _a1
260 _bपिसारा प्रकाशन
_c1986
300 _a128
600 _aबगे आशा
630 _aअत्तर
700 _aबगे आशा
730 _aअत्तर
942 _cBOOK
999 _c54104
_d54104